00628nam a2200193 a 450000100100000000500170001000800410002702000150006804000250008308200180010810000330012624500460015926000620020530000200026749000490028765000210033665000260035783000510038300002382120200930022506.0110113s1992 sp r 000 d spa d a8487583067 aDO-SdBNPbspacBNPHU a862.64bM722d1 aMolina Foix, Vicente,d1946-10aDon Juan Último /cVicente Molina Foix. aMadrid, (España) :bCentro Dramático Nacional,c1992. a74 p. ;c20 cm.1 aPublicaciones Centro dramático nacionalv8 4aTeatro español 4aLiteratura española 0aPublicaciones Centro dramático nacional ;v8